000 00355nam a2200133 i 4500
001 bg
100 1 _aŻABOWSKI, Z.
245 0 _aOrganizacja produkcji i zarządzania w projektowaniu zakładów przemysłowych /
_cZ. Żabowski.
260 _aWarszawa,
_c1980.
040 _cBPK
041 _apol
942 _cKS
008 s pl f |000 0 pol
999 _c2179
_d2179
856 _uhttp://koha.tu.koszalin.pl/cgi-bin/koha/opac-detail.pl?biblionumber=2179
_yKatalog online BPK